[Event "89th GER-ch"]
[Site "Dresden"]
[Date "2018.08.09"]
[Round "7"]
[White "Armbrust, Florian"]
[Black "Gungl, Theo"]
[Result "1/2-1/2"]
[WhiteElo "2300"]
[BlackElo "2283"]
[Annotator "ChessBase"]
[PlyCount "88"]
[EventDate "2018.08.03"]
[EventType "swiss"]
[EventCountry "GER"]
[SourceTitle "playchess.com"]
[Source "ChessBase"]
[SourceQuality "1"]
[TimeControl "40/5400+30:1800+30"]

1. e4 c5 2. Nf3 d6 3. Bb5+ Bd7 4. Bxd7+ Qxd7 5. c4 Nf6 6. Nc3 Nc6 7. d4 cxd4 8. Nxd4 g6 9. f3 Bg7 10. Be3 O-O 11. Rc1 Rac8 12. b3 Rfd8 13. O-O e6 14. Qd2 d5 15. cxd5 exd5 16. Nxc6 Rxc6 17. Nxd5 Nxd5 18. Qxd5 Qxd5 19. exd5 Rxd5 20. Rxc6 bxc6 21. Rc1 Bd4 22. Bxd4 Rxd4 23. a4 Rd3 24. Rxc6 Rxb3 25. Rc7 Ra3 26. Rxa7 Ra2 27. g4 h6 28. h4 Kg7 29. a5 Kg8 30. a6 Kg7 31. Kf1 Kf6 32. Ke1 Rh2 33. g5+ hxg5 34. hxg5+ Kxg5 35. Rxf7 Ra2 36. a7 Kh4 37. f4 g5 38. f5 Kg4 39. Kd1 Kf4 40. Kc1 g4 41. Kb1 Ra4 42. f6 Kf5 43. Rg7 Kxf6 44. Rxg4 Rxa7 1/2-1/2

[Event "89th GER-ch"]
[Site "Dresden"]
[Date "2018.08.09"]
[Round "7"]
[White "Gaede, Derek"]
[Black "Heimrath, Reiner"]
[Result "1/2-1/2"]
[WhiteElo "2298"]
[BlackElo "2200"]
[Annotator "TA"]
[PlyCount "142"]
[EventDate "2018.08.03"]
[EventType "swiss"]
[EventCountry "GER"]
[SourceTitle "playchess.com"]
[Source "ChessBase"]
[SourceQuality "1"]

{[%evp 28,141,87,79,85,36,32,37,62,58,64,60,86,97,97,102,124,79,157,168,162,23,247,30,54,-24,-20,-353,-352,-312,-341,-309,-335,-271,-322,-350,-286,-344,-220,-204,-197,-314,-314,-399,-404,-430,-407,-355,-316,-343,-324,-342,-316,-435,-444,-400,-444,-445,-456,-442,-410,-1226,-1003,-796,-1222,-1104,-1052,-1008,-1003,-1003,-451,-859,-451,-860,-451,-1424,-1329,-1194,-443,-1000,-454,-454,-454,-443,-443,-443,0,-114,-112,-120,-120,-443,-443,-443,-443,-443,-443,-443,-443,-443,-443,-443,-443,-443,-443,-443,-443,-443,-443,-443,-443,-443,-443,-443,-443,-443]} 1. d4 Nf6 2. Nf3 g6 3. c4 Bg7 4. Nc3 O-O 5. e4 d6 6. h3 Nbd7 7. Bg5 h6 8. Be3 e5 9. d5 Nc5 10. Nd2 a5 11. Be2 Bd7 12. g4 c6 13. h4 {[%cal Bh3h4,Bh4h5][%mdl 32] E90: King's Indian: Classical: Early deviations and 6 h3} cxd5 14. cxd5 Ne8 (14... Rc8 15. f3 h5 16. g5 Ne8 17. a4 f6 18. Nb3 fxg5 19. Nxc5 dxc5 20. Bxg5 Qb6 {½-½ (52) Gupta,A (2627)-Mamedov,R (2679) Khanty-Mansiysk 2011 CBM 145 [Krasenkow,M]}) 15. h5 {LiveBook: 4 Games. White is better.} a4 $146 ({Predecessor:} 15... g5 16. a4 Bf6 17. Nc4 b6 18. Rb1 Rb8 19. f3 Be7 20. O-O {1-0 (45) Martinovic,S (2565)-Michalicka,M (2158) Slovakia 2018}) 16. g5 hxg5 17. Rg1 g4 18. hxg6 fxg6 19. Bxg4 Nd3+ 20. Ke2 Nf4+ 21. Bxf4 $1 exf4 22. Bxd7 f3+ (22... Qxd7 $142 23. Rxg6 b5) 23. Nxf3 $16 {Black must now prevent Be6+.} Qxd7 {[#]} 24. Qd3 (24. Rxg6 Rxf3 25. Rxg7+ Qxg7 $11) ({White has to play} 24. a3 $1 $18) 24... Qf7 $2 (24... Nf6 $1 $11 {and Black has nothing to worry.}) 25. Rg2 $2 (25. a3 $18) 25... a3 $11 26. b3 (26. Rb1 $14 axb2 27. Rxb2) 26... Rc8 27. e5 $2 {[%mdl 8192] [#]} (27. Ng5 $11 Rxc3 28. Qxc3 Bxc3 29. Nxf7 Bxa1 {[#]} 30. Nxd6 $1 {[%mdl 512]}) 27... Qxf3+ $1 $19 {[%mdl 512]} 28. Qxf3 Rxf3 29. Kxf3 {aiming for Ne4.} Rxc3+ 30. Ke2 Bxe5 31. Rxg6+ Kf7 32. Rgg1 Rc2+ 33. Kd3 Rc5 ({Don't play} 33... Rxf2 34. Rgf1 $17) 34. Rad1 (34. Rac1 {was necessary.} Rxd5+ 35. Ke2) 34... Nf6 ({Not} 34... Rxd5+ 35. Ke3 $17) 35. Rh1 b5 {[%cal Bb7b5,Bb5b4][%mdl 32]} 36. Rc1 Rxd5+ 37. Ke2 b4 38. Rhd1 Rb5 39. Rc4 Ke6 40. f4 Bc3 41. Rc6 Rd5 42. f5+ Ke5 43. Rxd5+ Kxd5 ({Less strong is} 43... Nxd5 44. Kd3 $19) 44. Rc8 (44. Rb6 $142) 44... Ke5 45. Rd8 d5 46. Kd3 Kxf5 47. Rh8 Ke5 48. Rd8 Ke6 (48... Ne4 $142 49. Re8+ Kd6 50. Rd8+ Kc6 51. Rc8+ Kd7) 49. Rc8 (49. Rh8 $142) 49... Kd7 50. Ra8 (50. Rh8 $142) 50... Ne4 51. Ra5 (51. Kc2 $142) 51... Kc6 52. Ra6+ Kb5 53. Rh6 (53. Ra8 $142) 53... Nc5+ (53... Bb2 $142 54. Kc2 Nc3) 54. Kc2 d4 {And now ...d3+ would win.} 55. Rd6 d3+ 56. Rxd3 Kc6 $2 (56... Nxd3 $19 57. Kxd3 Ba1) 57. Rd8 (57. Rxc3 $11 bxc3 58. Kxc3) 57... Be5 $17 58. Rc8+ Kd5 59. Rxc5+ $2 {[%mdl 8192]} (59. Rg8 $17 {is tougher.}) 59... Kxc5 {[%mdl 4096] Endgame KB-KPP. Black is clearly winning.} 60. Kb1 Bf6 61. Kc2 Kd4 62. Kb1 Kd3 63. Kc1 Bg5+ 64. Kb1 Kd2 65. Ka1 Kc3 66. Kb1 Bf6 67. Kc1 Be5 68. Kb1 Bf4 69. Ka1 Kd3 70. Kb1 Kd2 71. Ka1 Kc1 {Precision: White = 25%, Black = 66%.} (71... Be3 $142 72. Kb1 Ke2) 1/2-1/2

[Event "89th GER-ch"]
[Site "Dresden"]
[Date "2018.08.09"]
[Round "7"]
[White "Brustkern, Juergen"]
[Black "Syrov, Arkadi"]
[Result "0-1"]
[WhiteElo "2219"]
[BlackElo "2295"]
[Annotator "TA"]
[PlyCount "150"]
[EventDate "2018.08.03"]
[EventType "swiss"]
[EventCountry "GER"]
[SourceTitle "playchess.com"]
[Source "ChessBase"]
[SourceQuality "1"]

{[%evp 12,150,0,0,13,6,12,8,62,59,42,41,45,53,53,56,46,57,58,27,31,25,24,16,35,0,0,0,0,-36,-26,-33,0,-23,-30,-66,-26,-93,-79,-114,-114,-104,-106,-104,-105,-106,-106,-110,-112,-113,-104,-110,0,0,0,-99,-95,-90,0,0,12,-224,-217,-353,-350,-416,-135,-133,-133,-133,-120,-120,-120,-115,-112,-104,-47,-60,-54,-70,-54,-66,-77,-80,-31,-31,-31,-31,-48,-50,-31,-35,-36,-54,-54,-91,-95,-97,0,0,0,0,0,0,0,0,0,-14,-14,-14,0,-14,0,-48,-14,-49,0,0,0,0,0,0,0,-196,-69,-300,-200,-200,-189,-518,-500,-552,-551,-551,-462,-586,-581,-552,-518,-1160,-1050]} 1. d4 Nf6 2. Bg5 d5 3. Nc3 c5 4. e3 Nc6 5. Bb5 (5. Bxf6 gxf6 6. Nf3 Bg4 7. h3 cxd4 8. exd4 Bxf3 9. Qxf3 Nxd4 10. Qg4 Nc6 11. O-O-O e6 12. Bc4 Qd7 13. Bxd5 exd5 14. Nxd5 Qxg4 15. Nxf6+ {½-½ (49) Nakamura,H (2779)-Bu,X (2705) Doha 2016}) 5... e6 6. Nf3 {D01: Damenbauernspiele (Richter-Weressow)} Bd7 7. O-O {LiveBook: 3 Partien} cxd4 8. exd4 {[%cal Be3d4,Bd4e5][%mdl 32] Die Stellung ist ausgeglichen.} Bd6 9. Re1 Ne7 $146 (9... O-O $11) ({Vorgänger:} 9... O-O 10. Bxc6 Bxc6 11. Ne5 Be7 12. Nxc6 bxc6 13. a3 c5 14. dxc5 Bxc5 {0-1 (42) Baciu,M (1391)-Chivu,R (1519) Calimanesti 2018}) 10. Ne5 $14 {Und weiter mit Lxf6 wäre nett.} Bxb5 11. Nxb5 Bb8 12. Qf3 Bxe5 13. dxe5 Ne4 14. Rxe4 dxe4 15. Qa3 Qd7 16. Nd6+ Kf8 17. Nxe4 h6 18. Bh4 {[%mdl 1024] Weiss hat Kompensation.} (18. Bxe7+ $5 Qxe7 19. Nd6 $11) 18... g5 $40 {[%mdl 128] Schwarz hat was vor.} 19. Bg3 $1 ({Viel schwächer wäre} 19. Nf6 Qc7 $17) 19... Kg7 20. h4 Nf5 {Weiss sollte ...Tac8 verhindern.} 21. Qf3 Rad8 22. Re1 Qd5 23. b3 Qa5 24. Ra1 (24. c3 $1 $11) 24... Rd4 $17 25. Nd6 Qd5 $1 26. Nxf5+ exf5 27. Qxf5 {Schwarz muss nun Df6+ beachten.} Qe6 28. Qf3 Rhd8 29. Re1 Qc6 30. Qh5 Qg6 31. Qf3 {Droht stark e6.} Qc6 {Und ...Dxf3 würde nun gewinnen.} 32. Qh5 $1 Qg6 33. Qf3 $1 {zielt auf e6 ab.} gxh4 34. Bf4 h3 ({Günstiger ist} 34... Kh7 $17 35. c3 Rd3 36. Qxb7 h3) 35. g3 $1 $11 Qc6 36. Qg4+ $2 (36. Qxc6 $11 bxc6 37. Kh2) 36... Kh7 {[%csl Gh3][%cal Rc6g2]} 37. Qxh3 (37. Qf5+ {ist der einzige Weg für Weiss..} Kh8 38. Qf6+ Qxf6 39. exf6) 37... Rd1 $19 38. Qf5+ Qg6 $2 (38... Kh8 $19 {ist viel giftiger.} 39. Rf1 Qf3) 39. Qxg6+ $17 Kxg6 {[%mdl 4096] Endspiel KTT-KTL} 40. Kf1 h5 41. Rxd1 Rxd1+ {KT-KL} 42. Ke2 Ra1 43. a4 a6 (43... Kf5 $17 {...h4! ist eine echte Drohung.} 44. Be3 b6) 44. Bd2 Kf5 45. Bc3 Rc1 46. Kd2 Rh1 47. Ke3 Rd1 48. a5 Rc1 49. Kd2 Rh1 50. Ke3 h4 51. gxh4 Rxh4 52. Bd4 Rh3+ 53. f3 Rh2 54. c3 Rb2 (54... Rg2 $17) 55. b4 $11 Rb1 56. Kd3 Rf1 57. Ke2 Rh1 (57... Ra1 {seems wilder.} 58. Kd3 Kf4 59. Kc4 Rh1 60. Kd5 Kxf3 61. Kd6 Rh7) 58. Kd3 Rh3 59. Ke3 Rh6 60. Kd3 Rh3 61. Ke3 Rh6 62. Kd3 Rc6 63. Ke3 Rc8 64. f4 Rc7 65. Kf3 Rc6 66. Bc5 Rh6 {Droht ...Th3+ und aus.} 67. Bf2 $2 (67. Ke3 $1 $11 {und Weiss muss sich keine Sorgen machen.}) 67... Rh8 (67... Rg6 $1 $19 68. Be1 Rh6) 68. Bg3 $2 (68. Ke3 $1 $15) 68... Rc8 69. Be1 Rc6 70. Bd2 $2 {[#]} (70. Ke3) 70... Rc4 $1 $19 {Schwarz steht klar auf Gewinn.} 71. Kg3 {[#] und die Idee Kf3 ließe Weiss weiter hoffen.} Ke4 $1 {[%cal Re4d3]} 72. Kg4 Rc6 73. f5 {beabsichtigt e6.} Kxe5 74. Kg5 Rc4 75. Be1 (75. f6 $142 Rc8 76. Kg4) 75... f6+ {Precision: Weiß = 48%, Schwarz = 61%.} 0-1

[Event "89th GER-ch"]
[Site "Dresden"]
[Date "2018.08.09"]
[Round "7"]
[White "Plassmann, Dominik"]
[Black "Proschmann, Tino"]
[Result "1-0"]
[WhiteElo "2186"]
[BlackElo "2092"]
[Annotator "TA"]
[PlyCount "71"]
[EventDate "2018.08.03"]
[EventType "swiss"]
[EventCountry "GER"]
[SourceTitle "playchess.com"]
[Source "ChessBase"]
[SourceQuality "1"]

{[%evp 19,71,-33,-35,-74,27,29,32,37,47,14,162,12,15,3,5,25,10,11,24,-19,18,17,54,46,55,43,90,49,42,41,66,0,0,0,25,-58,-38,-35,39,33,36,-125,34,15,687,660,1073,650,29968,29970,29965,29960,5704,5704]} 1. e4 c5 2. Nf3 Nc6 3. d4 cxd4 4. c3 dxc3 5. Nxc3 e6 6. Bc4 a6 7. O-O Nge7 8. Bg5 h6 {B21: Sicilian: 2 f4 and Morra Gambit} 9. Be3 b5 (9... Ng6 10. Nd4 Be7 11. f4 O-O 12. Qh5 Nxd4 13. Bxd4 Qc7 14. Bd3 Nxf4 15. Qg4 Ng6 16. e5 Nxe5 {0-1 (32) Moiseenko,V (2517)-Alekseev,E (2627) Yaroslavl 2018}) 10. Bb3 Bb7 {LiveBook: 7 Games. Black is slightly better.} 11. Nd5 exd5 $146 (11... Nxd5 $17 12. exd5 Na5 13. dxe6 dxe6) ({Predecessor:} 11... Nxd5 12. exd5 Na5 13. Ne5 Nxb3 14. axb3 Bxd5 15. Re1 Bd6 16. Bf4 {0-1 (40) Medina,R (2159)-Zapata,A (2504) Miami 2007}) 12. exd5 $11 {[%cal Be4d5,Bd5d6][%mdl 32]} Na5 $1 {[%cal Ra5b3]} 13. d6 Nxb3 14. Qxb3 Qb8 {[#]} (14... Be4 $1 $11 {and Black stays safe.}) 15. Bc5 (15. Bf4 $1 $18 Bxf3 16. Qxf3) 15... Bd5 $1 {[%cal Rd5b3]} 16. Qe3 Be6 $1 17. dxe7 Bxe7 18. Bxe7 Kxe7 19. Nd4 Rc8 20. f4 {[%cal Bf2f4,Bf4f5,Bf5f6,Bf6g7][%mdl 32] Strongly threatening f5.} Kf8 21. f5 Bc4 $1 {[%cal Rc4f1]} 22. f6 Qb6 23. fxg7+ Kg8 24. Rf4 {And now Qf2 would win.} Re8 25. Qh3 (25. Qf3 $14 Qc5 26. b3) 25... Re7 26. b3 $36 {[%mdl 2048] White has good play.} Bd5 {Hoping for ...Re2.} 27. Kh1 ({Better is} 27. Qf5 $11 Qd6 28. Raf1) 27... Rae8 {...Qxd4! is the strong threat.} 28. Raf1 Re1 ({Black should try} 28... Re2 $15 29. Nf3 (29. Nxe2 Rxe2 30. Rg1 Bxg2+ 31. Qxg2 Rxg2 $15) (29. Qxd7 $2 Bxg2+ 30. Kg1 R2e7 $19) 29... Rxa2) 29. Nf5 $14 R8e6 {White must now prevent ...Rxf1+.} 30. Qc3 $2 {[#]} (30. Qh4 $14 {stays ahead.} Rxf1+ 31. Rxf1) 30... Rxf1+ ({Black should play} 30... R1e2 $1 $17 {[%csl Ge2][%cal Rd5g2]} 31. Nh4 R6e5) 31. Rxf1 $11 Bxg2+ $2 {[%mdl 8192]} (31... Qc6 $11 32. Qg3 Re8) 32. Kxg2 $18 {Qc8+ would kill now.} Re2+ 33. Kh1 {White threatens Qc8+ and mate.} Qc6+ 34. Qxc6 dxc6 35. Rd1 Re8 36. Rd6 {Precision: White = 27%, Black = 32%.} 1-0

[Event "89th GER-ch"]
[Site "Dresden"]
[Date "2018.08.09"]
[Round "7"]
[White "Heinert, Eugen"]
[Black "Rehberg, Raphael"]
[Result "0-1"]
[WhiteElo "2146"]
[BlackElo "2234"]
[Annotator "TA"]
[PlyCount "122"]
[EventDate "2018.08.03"]
[EventType "swiss"]
[EventCountry "GER"]
[SourceTitle "playchess.com"]
[Source "ChessBase"]
[SourceQuality "1"]

{[%evp 10,122,0,0,0,-83,-79,-78,-81,-137,-49,-57,-31,-25,-6,0,-6,-14,27,24,79,79,80,72,79,72,72,72,91,95,113,92,91,87,150,89,127,23,49,65,64,13,13,29,19,20,45,0,0,-7,0,-15,0,-11,7,0,0,0,0,0,0,0,0,0,0,0,0,0,0,0,0,0,0,-4,-16,-8,-17,-25,-7,-30,-18,-164,0,-191,-202,-183,-182,-196,-186,-172,-155,-297,-186,-302,-291,-370,-341,-472,-485,-574,-555,-920,-946,-2247,-1994,-1777,-1735,-1683,-1571,-12839,-12839,-29986,-5198,-12846,-12846]} 1. d4 d5 2. Bf4 Nf6 3. e3 c5 4. dxc5 e6 5. b4 a5 6. c3 {LiveBook: 12 Games. D00: 1 d4 d5: Unusual lines} Bd7 7. Qb3 (7. Nd2 $11 {remains equal.}) 7... axb4 $17 8. cxb4 {Black is better.} b6 9. Bd6 (9. Bd3 $142) 9... Ba4 $146 ({Black should play} 9... Ne4 $1 $17 10. Qb2 Nxd6 11. cxd6 Qf6 12. Qxf6 gxf6) ({Predecessor:} 9... Ne4 10. Qb2 Nxd6 11. cxd6 Qf6 12. Qxf6 gxf6 {0-1 (34) Nakamura,H (2769)-So,W (2778) Leuven 2018}) 10. Qb2 $15 {White wants to play Bxf8.} Bxd6 (10... bxc5 {looks sharper.} 11. Bxf8 Kxf8 12. Nf3 Qb6 13. a3 h5) 11. cxd6 Qxd6 12. Nc3 O-O 13. Nf3 e5 14. a3 $36 {[%mdl 2048] Black is under pressure.} Bc6 (14... e4 $11 {keeps the balance.} 15. Nd4 Nc6) 15. Nb5 $16 Bxb5 16. Bxb5 Nbd7 17. h3 Rfc8 18. O-O Ra7 19. Rac1 Rac7 20. Ba6 Rxc1 21. Rxc1 Rc7 (21... Ra8 $142) 22. Rc2 (22. Bb5 $142) 22... g6 {[#]} 23. Qc1 (23. Rxc7 $1 $16 Qxc7 24. Bb5) 23... Rxc2 24. Qxc2 d4 25. e4 ({Better is} 25. Qd2 $14) 25... Kf8 $11 26. Bb5 Ke7 27. Kf1 Ne8 28. Qc6 f6 29. Ke2 Nc7 30. Qxd6+ Kxd6 {[%mdl 4096] Endgame KBN-KNN} 31. Bc4 Kc6 32. Nd2 Nb5 33. Nb1 Nd6 34. Bd5+ Kc7 35. a4 Nb8 36. Na3 $1 Na6 37. Nc2 Kd7 38. Kd3 Nc7 39. Bg8 h6 40. g3 b5 41. a5 Nc8 42. Bf7 Ne7 43. f4 g5 44. fxg5 fxg5 45. Ke2 {[#]} (45. h4 $11) 45... Nc6 $2 (45... Na6 $1 $19 46. Na3 Nxb4 47. Nxb5 Nec6) 46. Bb3 $2 (46. Bd5 $1 $11) 46... Na6 $19 47. Na3 Naxb4 48. Nxb5 Nxa5 49. Bg8 Nb7 50. Kf3 (50. Na3 $17) 50... Nd6 51. Na3 (51. Nxd6 {was forced.} Kxd6 52. Ke2) 51... Kc6 52. Be6 Kc5 53. Nb1 d3 54. Ke3 Nc4+ 55. Bxc4 Kxc4 {KN-KN} 56. Nd2+ Kc3 57. Nb1+ Kb2 58. Nd2 Kc2 59. Nf3 Kc3 60. g4 Nc2+ 61. Kf2 Nd4 {Precision: White = 43%, Black = 64%.} 0-1

[Event "89th GER-ch"]
[Site "Dresden"]
[Date "2018.08.09"]
[Round "7.1"]
[White "Poetsch, Hagen"]
[Black "Buhmann, Rainer"]
[Result "1/2-1/2"]
[WhiteElo "2513"]
[BlackElo "2581"]
[Annotator "TA"]
[PlyCount "82"]
[EventDate "2018.08.03"]
[EventType "swiss"]
[EventCountry "GER"]
[SourceTitle "playchess.com"]
[Source "ChessBase"]
[SourceQuality "1"]

{[%evp 19,82,28,29,33,15,21,33,24,14,16,16,16,14,13,12,12,14,15,22,5,16,6,31,0,0,0,0,0,0,0,0,0,-4,-25,0,0,8,-37,0,14,6,0,2,0,0,0,0,0,0,0,0,0,0,-8,0,0,0,0,0,0,0,0,0,0,0]} 1. e4 e5 2. Nf3 Nc6 3. Bc4 Nf6 4. Ng5 d5 5. exd5 Na5 6. Bb5+ c6 7. dxc6 bxc6 8. Bd3 Nd5 {C58: Two Knights: 4 Ng5 d5 5 exd5 Na5 sidelines} 9. h4 (9. Nf3 Bd6 10. O-O O-O 11. Re1 f5 12. Nxe5 Qf6 13. Nf3 g5 14. g3 f4 15. Nc3 fxg3 16. hxg3 Nxc3 17. dxc3 {½-½ (52) Kovalev,V (2639)-Demchenko,A (2660) Riadh 2017}) 9... Bc5 10. Qf3 f5 {[#] LiveBook: 4 Games. aiming for ...0-0.White has an edge.} 11. Nc3 O-O 12. Nxd5 (12. Qh5 h6 $17) 12... Qxd5 13. Qxd5+ ({But not} 13. Qh5 h6 $17) 13... cxd5 14. c3 $146 {[#] Strongly threatening b4.} ({Predecessor:} 14. Be2 Nc6 15. c3 Bd6 16. d4 {½-½ (32) Gonzalez Sanchez,F (2242)-Koelewijn,A (2161) ICCF email 2016}) 14... e4 15. Be2 {b4 is the strong threat.} Nc4 16. d4 exd3 $1 17. Bxd3 Re8+ 18. Kf1 a5 19. b3 Ne5 20. Bb5 Ng4 21. Nh3 ({Inferior is} 21. Bxe8 Ba6+ 22. c4 Rxe8 $17) (21. f3 $5 {[%cal Rf3g4]} Nf2 22. Rh2 $11 (22. Bxe8 $2 {perishes.} Ba6+ 23. c4 Rxe8 $19)) 21... Ba6 22. Bxa6 Rxa6 23. Bd2 d4 24. cxd4 Bxd4 25. Re1 Rc8 26. f3 Nf6 27. Rc1 Rd8 (27... Re8 {is interesting.} 28. Re1 Rc8) 28. Nf4 Be5 ({Black should try} 28... a4 $15) 29. Be3 $11 {The position is equal.} Bxf4 30. Bxf4 Nh5 31. g3 a4 32. Rh2 Nxf4 33. gxf4 axb3 34. axb3 {[%mdl 4096] Endgame KRR-KRR} Rd3 35. Rf2 Rxb3 36. Rc5 Rb1+ 37. Kg2 Rg6+ 38. Kh2 Rh6 39. Rc8+ Kf7 40. Rc7+ Ke6 41. Rc6+ Kf7 {Precision: White = 86%, Black = 75%.} 1/2-1/2

[Event "89th GER-ch"]
[Site "Dresden"]
[Date "2018.08.09"]
[Round "7.2"]
[White "Miller, Eduard"]
[Black "Colpe, Malte"]
[Result "1-0"]
[WhiteElo "2309"]
[BlackElo "2384"]
[Annotator "NA"]
[PlyCount "59"]
[EventDate "2018.08.03"]
[EventType "swiss"]
[EventCountry "GER"]
[SourceTitle "playchess.com"]
[Source "ChessBase"]
[SourceQuality "1"]
[TimeControl "40/5400+30:1800+30"]

1. Nf3 {[%emt 1:30:27]} d5 {[%emt 1:30:21]} 2. g3 {[%emt 1:30:53]} Bg4 {[%emt 1:30:43]} 3. Bg2 {[%emt 1:31:19]} Nd7 {[%emt 1:31:00]} 4. d4 {[%emt 1:31:39]} e6 {[%emt 1:29:44]} 5. O-O {[%emt 1:31:56]} Bd6 {[%emt 1:23:19]} 6. c4 {[%emt 1:31:47]} c6 {[%emt 1:22:35]} 7. cxd5 {[%emt 1:31:52]} exd5 {[%emt 1:21:40]} 8. Nc3 {[%emt 1:32:13]} Ngf6 {[%emt 1:20:40]} 9. Ne1 {[%emt 1:32:16]} O-O {[%emt 1:15:16]} 10. f3 {[%emt 1:31:56]} Bh5 {[%emt 1:13:01]} 11. Nd3 {[%emt 1:32:16]} Re8 {[%emt 1:05:10]} 12. Nf4 {[%emt 1:32:27]} Bxf4 {[%emt 0:49:57]} 13. Bxf4 {[%emt 1:31:08]} a5 {[%emt 0:46:29]} 14. Qd2 {[%emt 1:21:16]} Nb6 {[%emt 0:43:58]} 15. b3 {[%emt 1:21:07]} a4 $11 {[%emt 0:43:19]} 16. e4 {[%emt 1:17:15]} dxe4 {[%emt 0:40:22]} 17. fxe4 {[%emt 1:17:34]} axb3 {[%emt 0:39:57]} 18. axb3 {[%emt 1:09:30]} Rxa1 {[%emt 0:39:55]} 19. Rxa1 {[%emt 1:09:52]} Bg6 {[%emt 0:39:57]} 20. d5 {[%emt 1:01:31]} Qe7 {[%emt 0:21:13]} 21. Be3 {[%emt 0:21:42]} Nbd7 {[%emt 0:19:40]} 22. Ra7 {[%emt 0:19:19]} Ne5 {[%emt 0:05:55]} 23. d6 {[%emt 0:13:01]} Qd7 {[%emt 0:05:49]} 24. Qd4 {[%emt 0:11:36]} Bh5 {[%emt 0:05:18]} 25. Na4 {[%emt 0:05:15]} Nf3+ {[%emt 0:05:22]} 26. Bxf3 {[%emt 0:05:41]} Bxf3 {[%emt 0:05:48]} 27. Nc5 {[%emt 0:05:38]} Qh3 {[%emt 0:06:09]} 28. Qd2 {[%emt 0:04:50]} b6 {[%emt 0:05:36]} 29. d7 {[%emt 0:04:32]} Rd8 {[%emt 0:05:23]} 30. Ra8 {[%emt 0:04:56]} 1-0

[Event "89th GER-ch"]
[Site "Dresden"]
[Date "2018.08.09"]
[Round "7.3"]
[White "Mueller, Nick"]
[Black "Gschnitzer, Adrian"]
[Result "1/2-1/2"]
[WhiteElo "2313"]
[BlackElo "2333"]
[Annotator "NA"]
[PlyCount "80"]
[EventDate "2018.08.03"]
[EventType "swiss"]
[EventCountry "GER"]
[SourceTitle "playchess.com"]
[Source "ChessBase"]
[SourceQuality "1"]
[TimeControl "40/5400+30:1800+30"]

1. e4 {[%emt 1:30:27]} c5 {[%emt 1:30:24]} 2. Nf3 {[%emt 1:30:49]} Nc6 {[%emt 1:30:49]} 3. d4 {[%emt 1:31:04]} cxd4 {[%emt 1:31:13]} 4. Nxd4 {[%emt 1:31:26]} g6 {[%emt 1:31:37]} 5. c4 {[%emt 1:31:35]} Bg7 {[%emt 1:31:58]} 6. Nc2 {[%emt 1:31:29]} d6 {[%emt 1:32:09]} 7. Be2 {[%emt 1:31:40]} Be6 {[%emt 1:32:28]} 8. O-O {[%emt 1:27:21]} Rc8 {[%emt 1:32:39]} 9. Ne3 {[%emt 1:23:13]} Nf6 {[%emt 1:30:49]} 10. Nc3 {[%emt 1:20:39]} O-O {[%emt 1:28:58]} 11. Bd2 {[%emt 1:14:14]} Nd7 {[%emt 1:27:01]} 12. Rb1 {[%emt 1:11:30]} a6 {[%emt 1:15:03]} 13. Kh1 {[%emt 1:06:58]} Nd4 {[%emt 1:06:11]} 14. f4 $11 {[%emt 1:03:51]} f5 {[%emt 0:59:55]} 15. exf5 {[%emt 1:00:22]} Nxf5 {[%emt 0:50:38]} 16. Ne4 {[%emt 0:43:44]} Kh8 {[%emt 0:45:37]} 17. Ng5 {[%emt 0:42:40]} Bg8 {[%emt 0:42:19]} 18. Nxf5 {[%emt 0:39:33]} Rxf5 {[%emt 0:32:52]} 19. Bd3 {[%emt 0:39:06]} Rf6 {[%emt 0:28:22]} 20. Qe2 {[%emt 0:21:35]} Nc5 {[%emt 0:18:41]} 21. Bc2 {[%emt 0:18:54]} Ne6 {[%emt 0:12:31]} 22. Nxe6 {[%emt 0:10:26]} Bxe6 {[%emt 0:11:16]} 23. b3 {[%emt 0:09:36]} Bf5 {[%emt 0:09:18]} 24. Bc3 {[%emt 0:09:32]} Rf7 {[%emt 0:05:09]} 25. Bxg7+ {[%emt 0:09:08]} Kxg7 {[%emt 0:05:32]} 26. Be4 {[%emt 0:09:27]} Qd7 {[%emt 0:04:28]} 27. Rbe1 {[%emt 0:08:21]} Bxe4 {[%emt 0:04:38]} 28. Qxe4 {[%emt 0:08:45]} Rcf8 {[%emt 0:04:52]} 29. Rf3 {[%emt 0:08:50]} Qc6 {[%emt 0:02:53]} 30. h3 {[%emt 0:02:06]} Qxe4 {[%emt 0:00:52]} 31. Rxe4 {[%emt 0:02:33]} Rc8 {[%emt 0:01:07]} 32. Rfe3 {[%emt 0:01:38]} Kf8 {[%emt 0:01:34]} 33. Kh2 {[%emt 0:00:53]} Ke8 {[%emt 0:01:29]} 34. g4 {[%emt 0:00:34]} Kd7 {[%emt 0:01:25]} 35. Kg3 {[%emt 0:00:56]} Rc5 {[%emt 0:01:08]} 36. a4 {[%emt 0:00:13]} a5 {[%emt 0:01:07]} 37. Rd3 {[%emt 0:00:15]} Rf8 {[%emt 0:00:29]} 38. Rde3 {[%emt 0:00:35]} Rf7 {[%emt 0:00:50]} 39. Rd3 {[%emt 0:01:01]} Rf8 {[%emt 0:01:08]} 40. Rde3 {[%emt 0:01:27]} Rf7 {[%emt 0:01:33]} 1/2-1/2